Sicherung der aktuellen Fertigungsqualität unter Berücksichtigung der Wirtschaftlichkeit Inaugural-Dissertation

Saved in:
Bibliographic Details
Main Author: Führmann, Klaus-Peter
Other Authors: Lassmann
Format: Book
Language:German
Published: Bochum Ruhr-Universität 1992
Edition:1. Aufl.
Subjects:
Tags: Add Tag
No Tags, Be the first to tag this record!

MARC

LEADER 00000nam a2200000 4500
001 c005294
005 20221214091908.8
041 0 |a ger 
044 |a DE 
245 1 0 |a Sicherung der aktuellen Fertigungsqualität unter Berücksichtigung der Wirtschaftlichkeit  |b Inaugural-Dissertation  |c Klaus-Peter Führmann ; Škol. Lassmann 
250 |a 1. Aufl. 
264 1 |a Bochum  |b Ruhr-Universität  |c 1992 
300 |a 169 s. 
610 2 0 |a kvalita 
610 2 0 |a výroba 
610 2 0 |a modely rozhodovania 
610 2 0 |a modely matematické 
610 2 0 |a modely simulačné 
610 2 0 |a procesy rozhodovacie 
610 2 0 |a náklady 
610 2 0 |a plánovanie výroby 
610 2 0 |a opatrenia racionalizačné 
610 2 0 |a výroba malosériová 
610 2 0 |a kontrola ekonomická 
100 1 |a Führmann, Klaus-Peter 
700 1 |a Lassmann